| 000 | 00555nam a22001817a 4500 | ||
|---|---|---|---|
| 999 |
_c62203 _d62203 |
||
| 005 | 20240802133717.0 | ||
| 008 | 240801s2022 ge ||||| |||| 00| 0 ger d | ||
| 020 | _a 9783715250021 X | ||
| 041 | _ager | ||
| 080 | _a821.112.31S-46 | ||
| 100 |
_aSemadeni, Leta _d (Author) _923035 |
||
| 245 |
_aAmur, grober Fluss : _bRoman / _cLeta Semadeni |
||
| 264 |
_aAG, Zürich : _bAtlantis, in der Kampa Verlag, _c2022. |
||
| 300 |
_a183 pages ; _b 21 cm. |
||
| 653 | _a Amur, grober Fluss | ||
| 653 | _aამური : რომანი | ||
| 942 |
_2udc _cBK |
||